El entrenamiento deportivo, teoría y metodología
Պահպանված է:
| Հիմնական հեղինակ: | |
|---|---|
| Ձևաչափ: | Գիրք |
| Լեզու: | իսպաներեն |
| Հրապարակվել է: |
Barcelona
Paidotribo
1995
|
| Հրատարակություն: | 4a. ed |
| Շարք: | Deporte y Entrenamiento
|
| Խորագրեր: | |
| Ցուցիչներ: |
Ավելացրեք ցուցիչ
Չկան պիտակներ, Եղեք առաջինը, ով նշում է այս գրառումը!
|
MARC
| LEADER | 00000nam a2200000 a 4500 | ||
|---|---|---|---|
| 001 | UCS9563 | ||
| 003 | CL-VaPUC | ||
| 008 | 971121e19950000SP |||||||||||||||||spa|d | ||
| 082 | 0 | 4 | |a 796.077 |b PLA |2 21 |
| 100 | |a Platonov, Vladimir Nikolaievich |e autor |9 430552 | ||
| 245 | 1 | 3 | |a El entrenamiento deportivo, teoría y metodología |
| 250 | |a 4a. ed | ||
| 300 | |a 320 p | ||
| 942 | |c BK | ||
| 945 | |d 19971121 00:00:00 |a jquezada | ||
| 260 | |a Barcelona |b Paidotribo |c 1995 | ||
| 650 | 7 | |a ENTRENAMIENTO ATLETICO |2 CL-VaPUC |9 394745 | |
| 650 | 0 | |a Aptitudes físicas |9 308579 | |
| 650 | 0 | |a Metodología |9 256610 | |
| 650 | 0 | |a Educación física |9 240893 | |
| 650 | 7 | |a ENSEÑANZA DE LA EDUCACION FISICA |2 CL-VaPUC |9 394746 | |
| 650 | 7 | |a DEPORTE |2 CL-VaPUC |9 394747 | |
| 583 | |a last modification |c 19971121 00:00:00 |k Rodrigo Vera | ||
| 490 | 0 | |a Deporte y Entrenamiento | |
| 999 | |c 263346 |d 263344 | ||
| 952 | |0 0 |1 0 |4 0 |6 796_077000000000000_PLA_1995 |7 0 |8 A |9 292594 |a BIBEDU |b BIBEDU |d 2019-11-19 |i 3368149 |o 796.077 PLA 1995 |p 3368149 |r 2019-11-19 |w 2019-11-19 |y BK |k EFI | ||
| 952 | |0 0 |1 0 |4 0 |6 796_077000000000000_PLA_1995 |7 0 |8 A |9 292595 |a BIBEDU |b BIBEDU |d 2019-11-19 |i 3368157 |o 796.077 PLA 1995 |p 3368157 |r 2019-11-19 |w 2019-11-19 |y BK |k EFI | ||